Making hard cash in a soft real estate market : Find the next high-growth emerging markets, buy new construction--at big discounts, uncover hidden properties, raise private funds when bank lending is tight

If you're willing to look outside your local market, you'll discover emerging markets that are booming. And there are also smart investing strategies that work especially well in slowing markets. You can do it! You just need the new rules and wise tactics you'll find in this practical...

Descrición completa

Gardado en:
Detalles Bibliográficos
Autor Principal: Patton, Wendy
Formato: Libro
Idioma:Undetermined
Publicado: Hoboken, N.J. J. Wiley & Sons 2007
Những chủ đề:
Các nhãn: Engadir etiqueta
Sen Etiquetas, Sexa o primeiro en etiquetar este rexistro!
Thư viện lưu trữ: Trung tâm Học liệu Trường Đại học Cần Thơ
LEADER 01384nam a2200229Ia 4500
001 CTU_162298
008 210402s9999 xx 000 0 und d
020 |c 24.95 
082 |a 332.6324 
082 |b P322 
100 |a Patton, Wendy 
245 0 |a Making hard cash in a soft real estate market : 
245 0 |b Find the next high-growth emerging markets, buy new construction--at big discounts, uncover hidden properties, raise private funds when bank lending is tight 
245 0 |c Wendy Patton, Justin Ryan 
260 |a Hoboken, N.J. 
260 |b J. Wiley & Sons 
260 |c 2007 
520 |a If you're willing to look outside your local market, you'll discover emerging markets that are booming. And there are also smart investing strategies that work especially well in slowing markets. You can do it! You just need the new rules and wise tactics you'll find in this practical, profitable guide: Invest in up-and-coming, high-growth emerging markets; Learn the powerful strategy of market-timing; Use lease options to get more for your money; Learn creative strategies to engineer hands-off investments; Find foreclosures and other hidden bargains; Invest in bargain-rate new construction projects. 
650 |a Real estate investment,Real estate investment 
650 |z United States 
904 |i Giang 
980 |a Trung tâm Học liệu Trường Đại học Cần Thơ